000 00693nam a2200241Ia 4500
003 OSt
005 20220924124800.0
006 a|||||r|||| 00| 0
007 ta
008 220923b |||||||| |||| 00| 0 tam d
024 _a45502
037 _cTextual
040 _aARTS
_cARTS
_btam
041 _2tam
_atam
082 _aO31,1C93:g, 111M8
100 _aRichman Paula
_9145232
245 0 _aWomen branch stories and religious rhetoric in a Tamil Buddhist text
260 _aNew York
_bSyracuse Univ
_c1988
300 _axii, 272p.
_ccm.
650 _aENGLISH LITERATURE
942 _hO31,1C93:g, 111M8
_cTEXL
_2CC
999 _c420956
_d420956